Coups: Africa and the barrack revolts (Record no. 39074)

MARC details
000 -LEADER
fixed length control field 00671nam a2200181 a 4500
008 - FIXED-LENGTH DATA ELEMENTS--GENERAL INFORMATION
fixed length control field 090320s1981 ||||||||||||||||| || u
020 ## - INTERNATIONAL STANDARD BOOK NUMBER
International Standard Book Number 9781560541
050 ## - LIBRARY OF CONGRESS CALL NUMBER
Classification number JC 494 Bab
100 ## - MAIN ENTRY--PERSONAL NAME
Personal name Babatope, Ebenezer
245 10 - TITLE STATEMENT
Title Coups: Africa and the barrack revolts
Statement of responsibility, etc. by Ebenezer Babatope
260 ## - PUBLICATION, DISTRIBUTION, ETC.
Place of publication, distribution, etc. Enugu, Nigeria
Name of publisher, distributor, etc. Fourth Dimension
Date of publication, distribution, etc. 1981
300 ## - PHYSICAL DESCRIPTION
Extent ix, 180p
350 ## - PRICE (NR) (BK AM CF MU VM SE) [OBSOLETE]
Price 0.00
650 #7 - SUBJECT ADDED ENTRY--TOPICAL TERM
Topical term or geographic name entry element AFRICA
Source of heading or term fast
650 #0 - SUBJECT ADDED ENTRY--TOPICAL TERM
Topical term or geographic name entry element AFRICA--POLITICS AND GOVERNMENT--1960
650 ## - SUBJECT ADDED ENTRY--TOPICAL TERM
Topical term or geographic name entry element COUPS D' ÉTAT--AFRICA
995 ## - RECOMMENDATION 995 [LOCAL, UNIMARC FRANCE]
-- 0.00
-- CBU-MAIN LIBRARY (Kitwe)
-- 1
-- 0.00
-- 1
-- AVAILABLE
-- May 13, 2009
-- Main Library Open Access Collection
Holdings
Withdrawn status Lost status Source of classification or shelving scheme Damaged status Not for loan Home library Current library Shelving location Date acquired Total Checkouts Full call number Barcode Date last seen Price effective from Koha item type
          CBU-MAIN LIBRARY, KITWE. CBU-MAIN LIBRARY, KITWE.   11/30/2022   JC 494 Bab 739979 11/30/2022 11/30/2022 MONOGRAPH